000 00620nam a2200241 a 4500
005 20210219153446.0
008 991125n 000 0 eng u
035 _aUPN01000101100
100 1 _aSolbes, J
222 _aSCIENCE EDUCATION
245 _aSTS interactions and the teaching of physics and chemistry
300 _a377-386
362 0 _a1997 Vol. 81, no. 4, july
653 0 _aCIENCIA
653 0 _aENSEÑANZA
653 0 _aESPAÑA
653 0 _aINVESTIGACION CIENTIFICA
653 0 _aTECNOLOGIA
700 1 _aVilches, Amparo,
700 1 _ecoaut.
904 _aAC
_b038911
905 _aArticulo
999 _c77441
_d77441